Determinación del crédito de capacidad de la generación eólica en Costa Rica mediante el método del ELCC
Na minha lista:
| Autor principal: | |
|---|---|
| Outros Autores: | |
| Formato: | Livro |
| Idioma: | Spanish |
| Publicado em: |
[San José, Costa Rica]
2015
|
| Assuntos: | |
| Tags: |
Adicionar Tag
Sem tags, seja o primeiro a adicionar uma tag!
|
MARC
| LEADER | 00000nam a22000007a 4500 | ||
|---|---|---|---|
| 003 | 012432 | ||
| 005 | 20230912103658.0 | ||
| 008 | 160728b2015 cr a|||| |||| 00| ||spa d | ||
| 040 | |c cru CEDI | ||
| 090 | |a TFG 7590 | ||
| 100 | |9 1756 |a Jiménez Sánchez, Karol | ||
| 245 | |a Determinación del crédito de capacidad de la generación eólica en Costa Rica mediante el método del ELCC | ||
| 260 | |a [San José, Costa Rica] |c 2015 | ||
| 300 | |a x,68 hojas; ilustraciones a color | ||
| 500 | |a Proyecto de graduación (bachillerato en ingeniería eléctrica)--Universidad de Costa Rica. Facultad de Ingeniería. Escuela de Ingeniería Eléctrica | ||
| 501 | |a Director de Proyecto de Graduación: Ing. Juan Carlos Montero Quirós | ||
| 650 | |x ENERGIA EOLICA - PRODUCCION - COSTA RICA |x ENERGIA EOLICA - MEDICIONES - COSTA RICA |x ALGORITMOS - APLICACIONES CIENTIFICAS |x GENERACION DE ENERGIA - MODELOS MATEMATICOS - COSTA RICA |9 5261 | ||
| 700 | |9 1469 |a Montero Quirós, Juan Carlos |d Director del TFG | ||
| 942 | |c CEDI | ||
| 999 | |c 17013 |d 17013 | ||
